000 00391nam a22001217a 4500
008 230629b xxu||||| |||| 00| 0 eng d
082 _a346.06
_bEAC
100 _cEast African Community
245 _aEast African community
_bCouncil of Ministers
_c6th Extra-ordinary Meetings of the Council of Ministers
260 _aArusha, Tanzania
_bEAC
_c2004
300 _avarious panging
942 _2ddc
_cBK
999 _c3055
_d3055